<?xml version="1.0" encoding="UTF-8"?>
<marc:record xmlns:marc="http://www.loc.gov/MARC21/slim">
   <marc:leader>00000nam a2200000 a 4500</marc:leader>
   <marc:datafield ind1="1" ind2=" " tag="100">
      <marc:subfield code="a">Nicholls, David</marc:subfield>
      <marc:subfield code="4">aut</marc:subfield>
      <marc:subfield code="e">Verfasser/-in</marc:subfield>
   </marc:datafield>
   <marc:datafield ind1=" " ind2=" " tag="653">
      <marc:subfield code="a">MP3-Hörbuch</marc:subfield>
   </marc:datafield>
   <marc:datafield ind1=" " ind2=" " tag="653">
      <marc:subfield code="a">Liebe</marc:subfield>
   </marc:datafield>
   <marc:datafield ind1=" " ind2=" " tag="653">
      <marc:subfield code="a">Mann</marc:subfield>
   </marc:datafield>
   <marc:datafield ind1="0" ind2="0" tag="245">
      <marc:subfield code="a">Sweet Sorrow</marc:subfield>
   </marc:datafield>
   <marc:datafield ind1="0" ind2="0" tag="245">
      <marc:subfield code="b">ungekürzte Lesung</marc:subfield>
   </marc:datafield>
   <marc:datafield ind1="0" ind2="0" tag="245">
      <marc:subfield code="c">Nicholls, David</marc:subfield>
   </marc:datafield>
   <marc:datafield ind1=" " ind2="1" tag="264">
      <marc:subfield code="a">Berlin ; Würzburg</marc:subfield>
      <marc:subfield code="b">Argon</marc:subfield>
      <marc:subfield code="c">2020</marc:subfield>
   </marc:datafield>
   <marc:datafield ind1="1" ind2=" " tag="520">
      <marc:subfield code="a">Der eine Sommer, der alles verändert&#xD;
Manches im Leben strahlt so hell, dass es erst aus der Entfernung wirklich gesehen werden kann. Die erste große Liebe ist so eine Sache, die immer noch leuchtet, auch wenn sie längst verglüht ist. Und jeder ist der Hauptdarsteller seiner ersten Liebesgeschichte. Auch Charlie Lewis. Nichts an ihm ist ansonsten besonders. Er sieht ok aus, seine Noten sind so mittel, selbst die Scheidung seiner Eltern ist nur normal unglücklich. Dann begegnet er Fran Fisher, und seine Welt steht Kopf. In den langen, hellen Nächten des Sommers nach dem Schulabschluss macht Charlie die schönsten, peinlichsten, aufregendsten Erfahrungen seines Lebens. Und steht 20 Jahre später vor der Frage, ob er sich traut, seine erste große Liebe wiederzutreffen.</marc:subfield>
   </marc:datafield>
   <marc:datafield ind1=" " ind2=" " tag="020">
      <marc:subfield code="a">9783839817698</marc:subfield>
      <marc:subfield code="9">9783839817698</marc:subfield>
   </marc:datafield>
   <marc:datafield ind1=" " ind2=" " tag="020">
      <marc:subfield code="a">3839817692</marc:subfield>
      <marc:subfield code="9">3839817692</marc:subfield>
   </marc:datafield>
   <marc:datafield ind1="2" ind2=" " tag="024">
      <marc:subfield code="a">9783839817698</marc:subfield>
   </marc:datafield>
   <marc:datafield ind1=" " ind2=" " tag="041">
      <marc:subfield code="a">ger</marc:subfield>
   </marc:datafield>
   <marc:datafield ind1=" " ind2=" " tag="338">
      <marc:subfield code="a">Online-Ressource</marc:subfield>
   </marc:datafield>
   <marc:datafield ind1=" " ind2=" " tag="300">
      <marc:subfield code="a">2</marc:subfield>
   </marc:datafield>
</marc:record>
